Más allá / (Record no. 22956)

MARC details
000 -LEADER
campo de control de longitud fija 00489nam a2200169 i 4500
001 - NÚMERO DE CONTROL
campo de control 22956
003 - IDENTIFICADOR DE NÚMERO DE CONTROL
campo de control ES-MaACL
005 - FECHA Y HORA DE LA ÚLTIMA TRANSACCIÓN
campo de control 20230906152802.0
007 - CAMPO FIJO DE DESCRIPCIÓN FÍSICA--INFORMACIÓN GENERAL
campo de control de longitud fija t|
008 - DATOS DE LONGITUD FIJA--INFORMACIÓN GENERAL
campo de control de longitud fija 021205s1986 sp ||||1| spa d
020 ## - NÚMERO INTERNACIONAL ESTÁNDAR DEL LIBRO
Número Internacional Estándar del Libro 84-398-6080-3
100 1# - ENTRADA PRINCIPAL--NOMBRE DE PERSONA
Nombre de persona Alvarez de Sotomayor, Maruja.
9 (RLIN) 20779
245 10 - MENCIÓN DEL TÍTULO
Título Más allá /
Mención de responsabilidad, etc. Maruja Alvarez de Sotomayor.
260 ## - PUBLICACIÓN, DISTRIBUCIÓN, ETC.
Lugar de publicación, distribución, etc. [S.l. :
Nombre del editor, distribuidor, etc. s.n.,
Fecha de publicación, distribución, etc. 1986] (
Lugar de fabricación/manufactura Fuenlabrada :
Fabricante Coopegraf)
300 ## - DESCRIPCIÓN FÍSICA
Extensión 142 p., 4 h. ;
Dimensiones 21 cm.
852 ## - LOCALIZACIÓN
Ubicación ES-MaACL
Número de control de estantería L-10398
Sublocalización o colección R.112085
Holdings
Estatus retirado Estado de pérdida Estado de daño No para préstamo Biblioteca de origen Biblioteca actual Ubicación en estantería Fecha de adquisición Fuente de adquisición Total de préstamos Signatura topográfica completa Código de barras Visto por última vez Precio de reemplazo Tipo de ítem Koha
        Biblioteca del Ateneo de Madrid Biblioteca del Ateneo de Madrid Depósito 2 17/01/2008     L-10398 1023646 23/02/2023 23/02/2023 Libro impreso